|
|
|
|
| LEADER |
01121nam a22002897a 4500 |
| 001 |
35378 |
| 003 |
BD-DhAAL |
| 005 |
20211206143956.0 |
| 008 |
200311t2003 enka 000 0 eng d |
| 999 |
|
|
|c 42314
|d 42314
|
| 020 |
|
|
|a 0335211569 (pbk.)
|
| 020 |
|
|
|a 0335211577
|
| 020 |
|
|
|a 9780335211562
|
| 040 |
|
|
|a BD-DhAAL
|
| 082 |
|
|
|a 371.1024
|2 21
|
| 100 |
|
|
|a Miller, Andy,
|d 1946-
|9 39877
|
| 245 |
|
|
|a Teachers, parents and classroom behaviour :
|b a psychosocial approach /
|c Andy Miller.
|
| 260 |
|
|
|a Maidenhead :
|b Open University Press,
|c c2003.
|
| 300 |
|
|
|a vi, 207 pages :
|b illustrations ;
|c 24 cm.
|
| 504 |
|
|
|a Includes bibliographical references.
|
| 526 |
|
|
|a BIED
|
| 541 |
|
|
|a Complimentary copy from BIED
|e 35378
|
| 650 |
|
|
|a Classroom management.
|9 39878
|
| 650 |
|
|
|a Behavior modification.
|9 39879
|
| 852 |
|
|
|a Ayesha Abed Library
|c BIED Collection
|
| 942 |
|
|
|2 ddc
|c BK
|
| 952 |
|
|
|0 0
|1 0
|2 ddc
|4 0
|6 371_102400000000000_MIL
|7 0
|9 68121
|a BRACUL
|b BRACUL
|c GEN
|d 2020-03-11
|e Complimentary copy from BIED
|l 1
|m 2
|o 371.1024 MIL
|p 3010035378
|r 2026-05-17
|s 2025-08-13
|t 1
|w 2020-03-11
|y BK
|x Transferred from BIED to General Stacks
|